[Event "IX Weekend B"]
[Site "Porto Sant'Elpidio ITA"]
[Date "2006.11.18"]
[Round "1"]
[White "Cellini, Francesco"]
[Black "Macellari, Giordano"]
[Result "1-0"]
[WhiteElo "1527"]
[BlackElo "1398"]
[PlyCount "77"]
[EventDate "2006.11.18"]

1. c4 Nf6 2. Nc3 e5 3. g3 Bc5 4. e4 c6 5. Bg2 d6 6. Nf3 Ng4 7. O-O Qb6 8. Qe2
O-O 9. a3 Qd8 10. Na4 Na6 11. Nxc5 Nxc5 12. b4 Ne6 13. d3 h6 14. Bh3 Nf6 15.
Be3 Nd4 16. Bxd4 Bxh3 17. Bc3 Bxf1 18. Qxf1 Nd7 19. Qh3 Kh7 20. Bd2 Qf6 21. Nh4
Rh8 22. Qxd7 d5 23. Qxb7 dxe4 24. dxe4 Qe6 25. c5 Rhf8 26. Nf5 Qc4 27. Qxc6
Rac8 28. Qb7 Rcd8 29. Nd6 Qd4 30. Rd1 a5 31. Qd5 Qb2 32. Bc1 Qc3 33. b5 f5 34.
exf5 Rxf5 35. Qe4 Rdf8 36. Nxf5 Qxc5 37. Nxh6+ Kh8 38. Ng4 Qxb5 39. Nxe5 1-0

[Event "IX Weekend B"]
[Site "Porto Sant'Elpidio ITA"]
[Date "2006.11.18"]
[Round "1"]
[White "Cesarini, Francesco"]
[Black "Paci, Paolo"]
[Result "1-0"]
[WhiteElo "1413"]
[BlackElo "1566"]
[PlyCount "61"]
[EventDate "2006.11.18"]

1. d4 Nf6 2. c4 g6 3. Nc3 Bg7 4. Nf3 d6 5. e3 O-O 6. Be2 a6 7. O-O Nbd7 8. Re1
c5 9. h3 b6 10. Bd2 Bb7 11. d5 e6 12. e4 exd5 13. exd5 Re8 14. Bd3 Rxe1+ 15.
Qxe1 Qf8 16. Ne2 Re8 17. Qc1 Ne5 18. Nxe5 Rxe5 19. Bc3 Re8 20. Rb1 Ne4 21. Be1
Bc8 22. b4 Bd4 23. Nxd4 cxd4 24. f3 Nc3 25. Rb2 Re3 26. Bf1 Qe7 27. Bf2 Ne2+
28. Bxe2 Rxe2 29. Rxe2 Qxe2 30. Bxd4 Qxa2 31. Qh6 1-0

[Event "IX Weekend B"]
[Site "Porto Sant'Elpidio ITA"]
[Date "2006.11.18"]
[Round "1"]
[White "Lestini, Daniel"]
[Black "Di Mantino, Mauro"]
[Result "0-1"]
[WhiteElo "1392"]
[BlackElo "1482"]
[PlyCount "36"]
[EventDate "2006.11.18"]

1. d4 Nf6 2. Nf3 g6 3. Bf4 Bg7 4. e3 d6 5. Bd3 O-O 6. O-O Nc6 7. c3 Nh5 8. Bg5
Qe8 9. Re1 e5 10. dxe5 dxe5 11. Nbd2 f5 12. Qb3+ Kh8 13. e4 f4 14. g4 Bxg4 15.
Qxb7 Qd7 16. Bb5 Bh3 17. Bxc6 Qg4+ 18. Kh1 Qg2# 0-1

[Event "IX Weekend B"]
[Site "Porto Sant'Elpidio ITA"]
[Date "2006.11.18"]
[Round "1"]
[White "Marini, Jacopo"]
[Black "Piergentili, Roberto"]
[Result "0-1"]
[WhiteElo "1472"]
[BlackElo "1721"]
[PlyCount "105"]
[EventDate "2006.11.18"]

1. e4 c5 2. Nf3 d6 3. Nc3 Nc6 4. d4 cxd4 5. Nxd4 Nf6 6. Bc4 e6 7. O-O a6 8. Re1
Be7 9. Bg5 Qc7 10. a3 O-O 11. Qd2 h6 12. Bh4 Bd7 13. Bb3 Rfe8 14. Rad1 Rad8 15.
Qd3 Nxd4 16. Qxd4 Bc6 17. Bc4 b5 18. Bd3 d5 19. e5 Ne4 20. Bxe7 Qxe7 21. Qb6
Nxc3 22. bxc3 Bb7 23. Be2 Rc8 24. Rd3 Rc6 25. Qa5 Rec8 26. Rb1 Qc7 27. Qxc7
R8xc7 28. Rb3 Rc5 29. Re3 d4 30. cxd4 Rxc2 31. h3 Bd5 32. Rb1 Rd2 33. Rd1 Rcc2
34. Rxd2 Rxd2 35. Rc3 Rxd4 36. Bd3 g6 37. Be2 Re4 38. Re3 Rxe3 39. fxe3 g5 40.
Kf2 Kg7 41. Bd3 f6 42. exf6+ Kxf6 43. e4 Bc6 44. Ke3 Ke5 45. g4 a5 46. Bc2 b4
47. axb4 axb4 48. Bd3 b3 49. Bb1 Bb5 50. Bd3 Bxd3 51. Kxd3 b2 52. Kc2 Kxe4 53.
Kxb2 0-1

[Event "IX Weekend B"]
[Site "Porto Sant'Elpidio ITA"]
[Date "2006.11.18"]
[Round "1"]
[White "Medorini, Massimiliano"]
[Black "Micucci, Alberto"]
[Result "1-0"]
[WhiteElo "1695"]
[BlackElo "1461"]
[PlyCount "79"]
[EventDate "2006.11.18"]

1. Nf3 Nf6 2. c4 g6 3. g3 b6 4. Bg2 Bb7 5. Nc3 Nc6 6. O-O Bg7 7. d4 O-O 8. Ne5
Rb8 9. Nxc6 dxc6 10. b3 Re8 11. Bb2 e6 12. Qc2 a6 13. Rad1 b5 14. c5 b4 15. Nb1
Qe7 16. Nd2 e5 17. dxe5 Nd7 18. f4 Qxc5+ 19. Qxc5 Nxc5 20. Nc4 Re6 21. Na5 Ba8
22. Rc1 Bf8 23. Bd4 Rb5 24. Nc4 Nd7 25. Rfd1 Nb6 26. Bxb6 cxb6 27. Rd8 Bb7 28.
Nd6 Rxd6 29. exd6 Kg7 30. Rb8 Bxd6 31. Rxb7 Bc5+ 32. Kf1 Ra5 33. Bxc6 Rxa2 34.
Bd5 a5 35. Bxf7 Rd2 36. Rxc5 bxc5 37. Bc4+ Kh6 38. Rb5 Ra2 39. Rxc5 Kg7 40. e4
1-0

[Event "IX Weekend B"]
[Site "Porto Sant'Elpidio ITA"]
[Date "2006.11.18"]
[Round "1"]
[White "Menichelli, Alessandro"]
[Black "Agostini, Renzo"]
[Result "1-0"]
[WhiteElo "1571"]
[BlackElo "1413"]
[PlyCount "33"]
[EventDate "2006.11.18"]

1. d4 d5 2. Nf3 Nf6 3. Bf4 g6 4. e3 Bg7 5. h3 O-O 6. Be2 c6 7. O-O Ne4 8. c4
Be6 9. c5 Qd7 10. Nbd2 Bxh3 11. gxh3 Qxh3 12. Nxe4 dxe4 13. Ng5 Qh4 14. Kg2 f6
15. Rh1 fxg5 16. Rxh4 gxh4 17. Qb3+ 1-0

[Event "IX Weekend B"]
[Site "Porto Sant'Elpidio ITA"]
[Date "2006.11.18"]
[Round "1"]
[White "Perdichizzi, Roberto"]
[Black "Di Blasio, Walter"]
[Result "0-1"]
[WhiteElo "1464"]
[BlackElo "1700"]
[PlyCount "146"]
[EventDate "2006.11.18"]

1. e4 c5 2. g3 Nc6 3. Bg2 g6 4. Nc3 Bg7 5. f4 d6 6. Nf3 Nf6 7. O-O O-O 8. d3
Bg4 9. Be3 Qd7 10. Qd2 Rfd8 11. e5 dxe5 12. Nxe5 Nxe5 13. fxe5 Ne8 14. Bxc5
Bxe5 15. Rae1 Bd4+ 16. Bxd4 Qxd4+ 17. Kh1 Qd7 18. Qf4 Be6 19. a3 Nf6 20. Ne4
Nxe4 21. Qxe4 Rac8 22. Re2 b6 23. Rd2 Qd4 24. Qxd4 Rxd4 25. c3 Rd6 26. d4 Rcd8
27. Rfd1 Bd5 28. Bxd5 Rxd5 29. c4 R5d6 30. b4 e5 31. c5 bxc5 32. bxc5 Rxd4 33.
Rxd4 exd4 34. c6 Kf8 35. c7 Rc8 36. Rxd4 Rxc7 37. a4 f5 38. a5 Rc5 39. Ra4 a6
40. Ra2 Ke7 41. Kg2 Kd6 42. Rd2+ Ke5 43. Ra2 Kd4 44. Kf2 Kc4 45. Ke2 Kb4 46.
Rb2+ Kxa5 47. Rb7 Rc2+ 48. Kf1 Rxh2 49. Kg1 Rh5 50. Kg2 Rg5 51. Kf2 h5 52. Kf3
Rg4 53. Rb8 h4 54. gxh4 Rxh4 55. Rg8 Rh6 56. Ra8 Kb5 57. Kf4 Rh1 58. Kg5 Rg1+
59. Kf4 a5 60. Rb8+ Kc4 61. Ra8 Kb4 62. Rb8+ Ka3 63. Ke3 Rg3+ 64. Kf4 Rb3 65.
Rg8 Rb4+ 66. Kg5 f4 67. Rxg6 f3 68. Rf6 Rb3 69. Kg6 Kb2 70. Kf7 a4 71. Re6 a3
72. Re1 a2 73. Rf1 a1=Q 0-1

[Event "IX Weekend B"]
[Site "Porto Sant'Elpidio ITA"]
[Date "2006.11.18"]
[Round "1"]
[White "Santarelli, Enrico"]
[Black "Gjoklaj, Shpetim"]
[Result "0-1"]
[WhiteElo "1731"]
[BlackElo "1482"]
[PlyCount "106"]
[EventDate "2006.11.18"]

1. e4 e5 2. Nf3 Nf6 3. Nxe5 Qe7 4. d4 d6 5. Nf3 Qxe4+ 6. Qe2 d5 7. Nbd2 Qe7 8.
Ne5 Bf5 9. Qb5+ c6 10. Qb3 Ng4 11. Be2 b6 12. Ndf3 f6 13. Nxg4 Bxg4 14. Be3 Qc7
15. O-O Bd6 16. h3 Be6 17. Rac1 Nd7 18. Rfe1 O-O 19. c4 Rab8 20. cxd5 Bxd5 21.
Qxd5+ cxd5 22. Rxc7 Bxc7 23. Bb5 Rfd8 24. Rc1 Bd6 25. Bc6 Kf8 26. Bxd5 Rbc8 27.
Rb1 Nb8 28. Be6 Rc7 29. g3 Na6 30. a3 Ke7 31. Bf5 Kf7 32. Bd2 g6 33. Bd3 Nb8
34. Re1 Re8 35. Rb1 a6 36. Kg2 Kg7 37. b4 Rd8 38. Re1 b5 39. Rb1 Nd7 40. Re1
Nb6 41. h4 Nc4 42. Bf4 Bxf4 43. gxf4 Nxa3 44. Ra1 Rc3 45. Be4 Rd7 46. Ba8 Ra7
47. Be4 f5 48. Bd5 Nc2 49. Rb1 Rd7 50. Be6 Rd6 51. d5 Rc4 52. Ne5 Rc7 53. Rb3
Nd4 0-1

[Event "IX Weekend B"]
[Site "Porto Sant'Elpidio ITA"]
[Date "2006.11.19"]
[Round "2"]
[White "Agostini, Renzo"]
[Black "Marini, Jacopo"]
[Result "0-1"]
[WhiteElo "1413"]
[BlackElo "1472"]
[PlyCount "38"]
[EventDate "2006.11.18"]

1. e4 e5 2. Nf3 Nc6 3. Bb5 d6 4. O-O Bd7 5. Re1 Nf6 6. c3 Be7 7. d4 exd4 8.
cxd4 O-O 9. Nc3 Re8 10. Bd3 Bg4 11. Be2 Nd7 12. a3 Bf6 13. b4 Bxf3 14. Bxf3
Bxd4 15. Bb2 a6 16. Rb1 Nb6 17. Ne2 Bxb2 18. Rxb2 Nc4 19. Rb3 Qf6 0-1

[Event "IX Weekend B"]
[Site "Porto Sant'Elpidio ITA"]
[Date "2006.11.19"]
[Round "2"]
[White "Brugnoni, Mauro"]
[Black "Cesarini, Francesco"]
[Result "1-0"]
[WhiteElo "1589"]
[BlackElo "1413"]
[PlyCount "83"]
[EventDate "2006.11.18"]

1. d4 d5 2. c4 c6 3. cxd5 cxd5 4. Nc3 Nf6 5. Nf3 Bg4 6. Ne5 e6 7. Bg5 Bf5 8.
Qa4+ Nbd7 9. e3 a6 10. Nxd7 b5 11. Nxf6+ gxf6 12. Bxf6 Qxf6 13. Nxb5 Rd8 14.
Nd6+ Ke7 15. Nxf5+ Qxf5 16. Rc1 Rd7 17. Bxa6 Ra7 18. Qb4+ Kf6 19. Qb6 Ra8 20.
a3 Rg8 21. g3 Qf3 22. O-O Rg6 23. Rc2 Rh6 24. Be2 Qf5 25. Qc7 Kg6 26. h4 Qh3
27. h5+ Kg7 28. Qf4 Be7 29. Bg4 Rf6 30. Qxf6+ Bxf6 31. Bxh3 Kh6 32. Rc7 Rg8 33.
Rxf7 Bh4 34. Kh2 Bg5 35. Bxe6 Kxh5 36. Rxh7+ Kg6 37. Bxg8 Bd8 38. Rd7 Ba5 39.
Rc1 Bd2 40. Rc6+ Kg5 41. f3 Bxe3 42. Rxd5# 1-0

[Event "IX Weekend B"]
[Site "Porto Sant'Elpidio ITA"]
[Date "2006.11.19"]
[Round "2"]
[White "Di Blasio, Walter"]
[Black "Cellini, Francesco"]
[Result "1-0"]
[WhiteElo "1700"]
[BlackElo "1527"]
[PlyCount "88"]
[EventDate "2006.11.18"]

1. Nf3 d5 2. g3 Nf6 3. Bg2 Bg4 4. d3 Nc6 5. Nbd2 e5 6. h3 Bd7 7. e4 d4 8. O-O
b5 9. a4 a6 10. axb5 axb5 11. Rxa8 Qxa8 12. c3 Bc5 13. Nb3 Qa7 14. Bd2 O-O 15.
Qc2 Re8 16. cxd4 Bxd4 17. Nfxd4 Nxd4 18. Nxd4 Qxd4 19. Be3 Qd6 20. Rc1 c6 21.
Bc5 Qc7 22. Ra1 Rb8 23. Ra7 Qc8 24. Bd6 Rb6 25. Qc5 Ra6 26. Rxa6 Qxa6 27. Bxe5
Qa1+ 28. Kh2 Qd1 29. Qd6 Qh5 30. Bxf6 gxf6 31. Qxd7 Qc5 32. Qf5 Qd4 33. e5 fxe5
34. Bxc6 Qxb2 35. Be8 Qb3 36. Qxe5 Qxd3 37. Bxb5 Qf3 38. Qf4 Qxf4 39. gxf4 Kg7
40. Kg3 Kg6 41. Be8 h6 42. f5+ Kf6 43. Kg4 Kg7 44. Kh5 f6 1-0

[Event "IX Weekend B"]
[Site "Porto Sant'Elpidio ITA"]
[Date "2006.11.19"]
[Round "2"]
[White "Di Mantino, Mauro"]
[Black "Medorini, Massimiliano"]
[Result "1-0"]
[WhiteElo "1482"]
[BlackElo "1695"]
[PlyCount "57"]
[EventDate "2006.11.18"]

1. e4 e6 2. d4 d5 3. Nc3 Bb4 4. Nge2 dxe4 5. a3 Be7 6. Nxe4 Nf6 7. N2g3 Nbd7 8.
Bd3 b6 9. Qf3 Rb8 10. O-O Bb7 11. Re1 O-O 12. Bf4 Nxe4 13. Bxe4 Bxe4 14. Nxe4
Rc8 15. Rad1 Nf6 16. Nxf6+ Bxf6 17. d5 Bxb2 18. dxe6 Qf6 19. e7 Rfe8 20. Qb7
Qf5 21. Bxc7 f6 22. Rd8 Kf7 23. Qc6 Rcxd8 24. Bxd8 Bxa3 25. Qc4+ Kg6 26. Re3
Bc5 27. Rg3+ Kh5 28. Qf7+ Kh6 29. Qxg7+ 1-0

[Event "IX Weekend B"]
[Site "Porto Sant'Elpidio ITA"]
[Date "2006.11.19"]
[Round "2"]
[White "Gjoklaj, Shpetim"]
[Black "Marinucci, Johnny"]
[Result "1-0"]
[WhiteElo "1482"]
[BlackElo "1667"]
[PlyCount "115"]
[EventDate "2006.11.18"]

1. e4 Nf6 2. e5 Nd5 3. Bc4 Nb6 4. Bb3 Nc6 5. d4 Na5 6. Nf3 Nxb3 7. axb3 d6 8.
Bf4 Bg4 9. Qd3 g6 10. c4 Bg7 11. Nc3 O-O 12. h3 Bc8 13. Qe3 Nd7 14. Bh6 dxe5
15. dxe5 c6 16. Rd1 Qb6 17. O-O Qxe3 18. Bxe3 Nxe5 19. Nxe5 Bxe5 20. Rfe1 Bf6
21. Rd2 b6 22. Bh6 Re8 23. Ne4 Bg7 24. Bxg7 Kxg7 25. Nd6 Rd8 26. Rxe7 Be6 27.
b4 b5 28. c5 Kf8 29. Rc7 Bd5 30. f3 Rxd6 31. cxd6 Rd8 32. d7 Ke7 33. Re2+ Kd6
34. Rxa7 Rxd7 35. Rxd7+ Kxd7 36. Kf2 Kd6 37. Re8 h5 38. Ke3 Kd7 39. Rh8 Ke6 40.
g4 hxg4 41. fxg4 Ke5 42. h4 Kf6 43. Kf4 Kg7 44. Rd8 Kf6 45. Rd6+ Ke7 46. Ke5
Bf3 47. g5 Bg2 48. Rd3 Bh1 49. Re3 Bd5 50. Rh3 Bg2 51. Rh2 Bd5 52. h5 gxh5 53.
Rxh5 Kf8 54. Kf6 Kg8 55. Rh2 Be4 56. Re2 Bg6 57. Re8+ Kh7 58. Rf8 1-0

[Event "IX Weekend B"]
[Site "Porto Sant'Elpidio ITA"]
[Date "2006.11.19"]
[Round "2"]
[White "Macellari, Giordano"]
[Black "Perdichizzi, Roberto"]
[Result "1-0"]
[WhiteElo "1398"]
[BlackElo "1464"]
[PlyCount "119"]
[EventDate "2006.11.18"]

1. e4 d6 2. d4 Nf6 3. Nc3 g6 4. Be3 Bg7 5. Qd2 c6 6. Nf3 Qb6 7. O-O-O Qa5 8.
Kb1 b5 9. e5 Nd5 10. Nxd5 Qxd2 11. Nc7+ Kd7 12. Rxd2 Kxc7 13. exd6+ exd6 14. d5
Bb7 15. Bd4 Bxd4 16. Nxd4 Re8 17. Bd3 Nd7 18. dxc6 Bxc6 19. Nxb5+ Bxb5 20. Bxb5
Re5 21. Bc4 Re7 22. Rhd1 Nb6 23. Re2 Rae8 24. Rxe7+ Rxe7 25. Bd3 Nd7 26. b4 Nf6
27. Bc4 Ne4 28. Kb2 Nxf2 29. Rf1 Ng4 30. Rxf7 Rxf7 31. Bxf7 Nxh2 32. c4 Nf1 33.
c5 Ne3 34. cxd6+ Kxd6 35. Bg8 h6 36. Bh7 g5 37. Be4 h5 38. a4 h4 39. Kc3 Nd5+
40. Kc4 g4 41. Bxd5 h3 42. gxh3 gxh3 43. b5 Kc7 44. Kc5 Kb8 45. Kc6 h2 46. a5
Kc8 47. b6 a6 48. b7+ Kb8 49. Kc5 Kc7 50. b8=Q+ Kxb8 51. Kb6 Kc8 52. Ka7 Kc7
53. Bb7 Kd6 54. Kxa6 Kc7 55. Ka7 Kd6 56. Kb6 Kd7 57. a6 Kd6 58. a7 h1=Q 59.
Bxh1 Ke5 60. a8=Q 1-0

[Event "IX Weekend B"]
[Site "Porto Sant'Elpidio ITA"]
[Date "2006.11.19"]
[Round "2"]
[White "Menichelli, Mario"]
[Black "Marsili, Riccardo"]
[Result "0-1"]
[WhiteElo "1332"]
[BlackElo "1599"]
[PlyCount "72"]
[EventDate "2006.11.18"]

1. Nf3 d5 2. g3 Nf6 3. Bg2 Bf5 4. O-O e6 5. d3 c5 6. Nh4 Bg6 7. Nxg6 hxg6 8.
Bg5 Be7 9. Qd2 Nc6 10. Nc3 O-O 11. Bf3 Nd4 12. Bf4 a6 13. Bg2 Bd6 14. Bxd6 Qxd6
15. Na4 b5 16. Nc3 Rad8 17. a4 b4 18. Na2 b3 19. c3 Nc2 20. Rfc1 Nxa1 21. Rxa1
bxa2 22. Rxa2 e5 23. b3 c4 24. b4 Rd7 25. h3 Rc8 26. h4 Rcc7 27. Bh3 Rd8 28. d4
exd4 29. Qxd4 Re7 30. Bg2 Qe5 31. Qc5 Ree8 32. Qa5 Qxc3 33. Bh3 Ne4 34. Bg2
Qe1+ 35. Bf1 Qxf2+ 36. Kh1 Nxg3# 0-1

[Event "IX Weekend B"]
[Site "Porto Sant'Elpidio ITA"]
[Date "2006.11.19"]
[Round "2"]
[White "Morelli, Basilio"]
[Black "Areni, Matteo"]
[Result "1/2-1/2"]
[WhiteElo "1467"]
[BlackElo "1434"]
[PlyCount "66"]
[EventDate "2006.11.18"]

1. d4 d5 2. c4 c6 3. Nc3 Nf6 4. Bg5 e6 5. e3 Be7 6. Nf3 O-O 7. Bd3 Nbd7 8. O-O
Re8 9. Qc2 h6 10. Bh4 Bd6 11. e4 dxe4 12. Nxe4 Be7 13. Rad1 Nxe4 14. Bxe7 Qxe7
15. Bxe4 Nf6 16. Bd3 c5 17. Rfe1 b6 18. d5 Bb7 19. dxe6 fxe6 20. Bf5 Bc8 21.
Bg6 Rd8 22. Ne5 Rxd1 23. Qxd1 Qc7 24. Qd2 Bb7 25. Bf7+ Kf8 26. Bg6 Rd8 27. Qe2
Rd4 28. b3 Be4 29. f4 Bxg6 30. Nxg6+ Kf7 31. Ne5+ Kf8 32. Qf3 Qd6 33. h3 Rd2
1/2-1/2

[Event "IX Weekend B"]
[Site "Porto Sant'Elpidio ITA"]
[Date "2006.11.19"]
[Round "2"]
[White "Paci, Paolo"]
[Black "Rinaldi, Raffaele"]
[Result "0-1"]
[WhiteElo "1566"]
[BlackElo "1661"]
[PlyCount "63"]
[EventDate "2006.11.18"]

1. d4 d5 2. Nf3 Nf6 3. Bf4 Bf5 4. h3 e6 5. e3 h6 6. c3 c5 7. Nbd2 Nc6 8. Be2
Be7 9. O-O O-O 10. a3 c4 11. Re1 b5 12. Ne5 Nxe5 13. Bxe5 Nd7 14. Bh2 Qb6 15.
Bf3 Nf6 16. e4 dxe4 17. Bxe4 Bxe4 18. Nxe4 Nd5 19. Qf3 Rfe8 20. Re2 a5 21. Nd2
Rac8 22. Rc1 Bg5 23. Rce1 Bxd2 24. Rxd2 b4 25. axb4 axb4 26. Rc1 b3 27. Rdd1
Ra8 28. Ra1 Ra2 29. Rdb1 Rea8 30. Be5 Rxa1 31. Qg3 Rxb1+ 32. Kh2 0-1

[Event "IX Weekend B"]
[Site "Porto Sant'Elpidio ITA"]
[Date "2006.11.19"]
[Round "2"]
[White "Piergentili, Roberto"]
[Black "Menichelli, Alessandro"]
[Result "1-0"]
[WhiteElo "1721"]
[BlackElo "1571"]
[PlyCount "78"]
[EventDate "2006.11.18"]

1. d4 Nf6 2. c4 c5 3. d5 e6 4. Nc3 exd5 5. Nxd5 Nxd5 6. cxd5 d6 7. e4 g6 8. Nf3
Bg7 9. Qc2 f5 10. Bb5+ Bd7 11. Bxd7+ Qxd7 12. exf5 Qxf5 13. Qxf5 gxf5 14. Bf4
Kd7 15. O-O Re8 16. Rfe1 Na6 17. Nh4 Bxb2 18. Rab1 Nb4 19. Rxe8 Rxe8 20. g3 Be5
21. a3 Nxd5 22. Rxb7+ Kc6 23. Rxh7 Bxf4 24. gxf4 Nxf4 25. Kf1 c4 26. Nxf5 c3
27. Nd4+ Kb6 28. Rh4 Re4 29. Nc2 d5 30. f3 d4 31. fxe4 d3 32. Rh6+ Kc5 33. Nb4
Kc4 34. Nxd3 Kxd3 35. Rc6 c2 36. h4 Ne2 37. Rxc2 Ng3+ 38. Kg2 Nxe4 39. Rc7 a5
1-0

[Event "IX Weekend B"]
[Site "Porto Sant'Elpidio ITA"]
[Date "2006.11.19"]
[Round "2"]
[White "Ragnini, Damiano"]
[Black "Ripa', Daniele"]
[Result "1-0"]
[WhiteElo "1580"]
[BlackElo "1587"]
[PlyCount "123"]
[EventDate "2006.11.18"]

1. e4 c5 2. Nf3 Nc6 3. d4 cxd4 4. Nxd4 e6 5. Nc3 a6 6. Be2 Nge7 7. Be3 Nxd4 8.
Qxd4 b5 9. O-O Nc6 10. Qd2 Bb7 11. Rad1 Rc8 12. a3 Be7 13. Bf4 Na5 14. b3 Bc6
15. Bd6 Bxd6 16. Qxd6 Nb7 17. Qg3 O-O 18. b4 Rc7 19. h4 Qc8 20. Bd3 Nd8 21. h5
h6 22. Ne2 d5 23. e5 Ba8 24. Nd4 Nc6 25. Qf4 f6 26. Qg4 Nxd4 27. Qxd4 f5 28. f4
Bc6 29. Rf3 Be8 30. Rh3 Rc3 31. Ra1 Qc6 32. Bxb5 Qxb5 33. Qxc3 Bf7 34. a4 Qe2
35. Qd3 Qe4 36. Qxe4 fxe4 37. Kf2 Rc8 38. g4 Rxc2+ 39. Ke1 d4 40. b5 axb5 41.
axb5 d3 42. b6 Rb2 43. Re3 Rb4 44. b7 Rxb7 45. Rxe4 g6 46. Rd4 gxh5 47. gxh5
Bxh5 48. Rxd3 Bg6 49. Rg3 Kh7 50. Ra2 Bf5 51. Rag2 Rb1+ 52. Kd2 Rb2+ 53. Ke3
Rxg2 54. Rxg2 h5 55. Kf2 h4 56. Rh2 h3 57. Kg3 Kg6 58. Kh4 Kh6 59. Rc2 Kg6 60.
Rc1 h2 61. Rh1 Be4 62. Rxh2 1-0

[Event "IX Weekend B"]
[Site "Porto Sant'Elpidio ITA"]
[Date "2006.11.19"]
[Round "3"]
[White "Brugnoni, Mauro"]
[Black "Di Blasio, Walter"]
[Result "0-1"]
[WhiteElo "1589"]
[BlackElo "1700"]
[PlyCount "90"]
[EventDate "2006.11.18"]

1. d4 Nf6 2. c4 g6 3. Nc3 Bg7 4. e4 d6 5. Bd3 Nbd7 6. Nf3 e5 7. Bg5 O-O 8. d5
Nc5 9. Bc2 a5 10. O-O h6 11. Be3 c6 12. Bxc5 dxc5 13. dxc6 bxc6 14. Qxd8 Rxd8
15. Nxe5 Rd2 16. Rac1 Be6 17. b3 Ne8 18. Nb1 Rxc2 19. Rxc2 Bxe5 20. Rd1 Nf6 21.
f3 Bd4+ 22. Kh1 a4 23. b4 Rb8 24. a3 Nd7 25. Rxd4 cxd4 26. c5 d3 27. Rd2 Nxc5
28. Nc3 Nd7 29. Rxd3 c5 30. Nxa4 cxb4 31. axb4 Rxb4 32. Nc3 Rb3 33. h3 Kg7 34.
Re3 Nc5 35. Nd1 Rb1 36. Re1 Bb3 37. Kh2 Rxd1 38. Re3 Rd3 39. Re2 Ne6 40. Kg3
Nd4 41. Rb2 Kf6 42. Kg4 Rc3 43. Rd2 Ke5 44. g3 Nxf3 45. Rd8 h5# 0-1

[Event "IX Weekend B"]
[Site "Porto Sant'Elpidio ITA"]
[Date "2006.11.19"]
[Round "3"]
[White "Cardola, Luca"]
[Black "Gjoklaj, Shpetim"]
[Result "0-1"]
[WhiteElo "1700"]
[BlackElo "1482"]
[PlyCount "112"]
[EventDate "2006.11.18"]

1. e4 c5 2. Nf3 Nc6 3. d4 cxd4 4. Nxd4 e5 5. Nb5 d6 6. c4 a6 7. N5c3 Nf6 8. Bg5
Be7 9. Bxf6 Bxf6 10. Nd5 O-O 11. Nbc3 Bg5 12. g3 Nd4 13. Bg2 f5 14. exf5 Bxf5
15. O-O Bc2 16. Qh5 Bd3 17. h4 Bxf1 18. Rxf1 Bf6 19. Be4 g6 20. Qg4 Qc8 21.
Nxf6+ Rxf6 22. Qg5 Nf3+ 23. Bxf3 Rxf3 24. Nd5 Qf8 25. Ne7+ Kg7 26. h5 Qf6 27.
Qxf6+ Kxf6 28. Nd5+ Kg5 29. hxg6 Kxg6 30. Rd1 Raf8 31. Rd2 Kf7 32. Kg2 Rf5 33.
Nc3 Ke7 34. a4 h5 35. Ne4 Rd8 36. Kh3 Rff8 37. Kh4 Rh8 38. Rd5 b6 39. b4 Rd7
40. b5 a5 41. Kg5 Ke6 42. Kh4 Rg8 43. f4 Rc8 44. f5+ Kxf5 45. Nxd6+ Rxd6 46.
Rxd6 Rxc4+ 47. Kxh5 Rxa4 48. g4+ Rxg4 49. Rxb6 Rb4 50. Rb8 a4 51. b6 Rb3 52.
Kh4 a3 53. b7 Ke4 54. Ra8 Rxb7 55. Rxa3 Kf4 56. Ra8 Rh7# 0-1

[Event "IX Weekend B"]
[Site "Porto Sant'Elpidio ITA"]
[Date "2006.11.19"]
[Round "3"]
[White "Cellini, Francesco"]
[Black "Morelli, Basilio"]
[Result "1/2-1/2"]
[WhiteElo "1527"]
[BlackElo "1467"]
[PlyCount "108"]
[EventDate "2006.11.18"]

1. c4 c5 2. Nc3 e6 3. g3 Nf6 4. e4 Nc6 5. Bg2 d6 6. a3 Be7 7. Nf3 Bd7 8. d3 O-O
9. O-O Rb8 10. Bg5 a6 11. Ne2 b5 12. b3 bxc4 13. dxc4 Nxe4 14. Bxe7 Qxe7 15.
Qd3 Nf6 16. Ng5 Ne5 17. Qc2 h6 18. Ne4 Nxe4 19. Bxe4 f5 20. Bg2 Rf6 21. Rfd1
Ng6 22. Nc3 f4 23. Ne4 fxg3 24. Nxf6+ Qxf6 25. fxg3 Rb6 26. Kh1 Bc6 27. Bxc6
Rxc6 28. Rf1 Qg5 29. Qe4 d5 30. cxd5 Qxd5 31. Qxd5 exd5 32. Rf5 Ne7 33. Re5 Kf8
34. Rae1 Rc7 35. Rf1+ Ke8 36. Rfe1 Kf8 37. h4 c4 38. bxc4 dxc4 39. Rc1 c3 40.
Ra5 Rc6 41. Re5 Rc4 42. Re2 Nf5 43. Rf2 g6 44. h5 Kg7 45. hxg6 Kxg6 46. Kh2 Nd4
47. Rf4 Kg5 48. Kh3 h5 49. Re4 Kf5 50. Rf4+ Kg5 51. Rf8 Nb3 52. Rc2 Nd4 53.
Rcf2 c2 54. Rg8+ Kh6 1/2-1/2

[Event "IX Weekend B"]
[Site "Porto Sant'Elpidio ITA"]
[Date "2006.11.19"]
[Round "3"]
[White "Di Mantino, Mauro"]
[Black "Procaccini, Luciano"]
[Result "1-0"]
[WhiteElo "1482"]
[BlackElo "1682"]
[PlyCount "45"]
[EventDate "2006.11.18"]

1. e4 c5 2. Nf3 Nc6 3. d4 cxd4 4. Nxd4 d6 5. c4 Nf6 6. Nc3 e5 7. Nc2 Be7 8. Be2
O-O 9. O-O Be6 10. Be3 Qc7 11. f4 exf4 12. Rxf4 Ne5 13. Nd5 Bxd5 14. exd5 Ng6
15. Rf3 Nd7 16. Rh3 Nde5 17. Bd3 Nxc4 18. Qh5 f5 19. Bxf5 Rxf5 20. Qxf5 Nxe3
21. Rxe3 Bf6 22. Qe6+ Kh8 23. Qe8+ 1-0

[Event "IX Weekend B"]
[Site "Porto Sant'Elpidio ITA"]
[Date "2006.11.19"]
[Round "3"]
[White "Marinucci, Johnny"]
[Black "Micucci, Alberto"]
[Result "1-0"]
[WhiteElo "1667"]
[BlackElo "1461"]
[PlyCount "109"]
[EventDate "2006.11.18"]

1. d4 Nf6 2. Nf3 g6 3. Bf4 Nc6 4. e3 Bg7 5. Be2 d6 6. h3 Bf5 7. c3 e6 8. Nbd2
e5 9. dxe5 dxe5 10. Nxe5 O-O 11. Ndf3 Nd5 12. Bg3 Be4 13. O-O Re8 14. Nxc6 bxc6
15. Bc4 Bf6 16. Qe2 Qc8 17. Rad1 Qf5 18. Nd4 Bxd4 19. Rxd4 Nf6 20. Bxc7 a5 21.
Rfd1 Bd5 22. Bxd5 Nxd5 23. Bg3 Qf6 24. Qc4 Re6 25. Re4 Rae8 26. Rxe6 Qxe6 27.
Qd4 f6 28. a3 Ne7 29. Qd7 Kf7 30. Qxe6+ Kxe6 31. Rd6+ Kf5 32. Rd7 Ke6 33. Ra7
Nf5 34. Rxa5 Nxg3 35. fxg3 Kd6 36. Kf2 f5 37. Ra4 c5 38. Ra7 Kd5 39. Rxh7 Rc8
40. Rh4 Rb8 41. c4+ Ke5 42. b4 cxb4 43. axb4 Rxb4 44. Rd4 g5 45. Kf3 Rb2 46.
Rd5+ Ke6 47. g4 Rc2 48. Rxf5 Rxc4 49. Rxg5 Rb4 50. Rf5 Rb7 51. h4 Rb1 52. h5
Rb4 53. h6 Rb1 54. h7 Rh1 55. Rh5 1-0

[Event "IX Weekend B"]
[Site "Porto Sant'Elpidio ITA"]
[Date "2006.11.19"]
[Round "3"]
[White "Marsili, Riccardo"]
[Black "Piergentili, Roberto"]
[Result "0-1"]
[WhiteElo "1599"]
[BlackElo "1721"]
[PlyCount "130"]
[EventDate "2006.11.18"]

1. c4 Nf6 2. Nf3 e6 3. g3 b6 4. Bg2 Bb7 5. O-O Nc6 6. Nc3 d6 7. d3 Be7 8. Bg5
h6 9. Bxf6 Bxf6 10. e3 O-O 11. a3 Qd7 12. Kh1 Rad8 13. e4 Nd4 14. Nxd4 Bxd4 15.
f4 f5 16. Qe2 a6 17. Rae1 Rde8 18. Rc1 c5 19. h3 Qe7 20. e5 Bxg2+ 21. Kxg2 dxe5
22. fxe5 Qg5 23. h4 Qg6 24. Rf4 Qf7 25. h5 Qc7 26. Re1 Rd8 27. a4 Bxc3 28. bxc3
Qc6+ 29. Kh3 Qxa4 30. Kh2 Qd7 31. Rf3 Qf7 32. Rf4 Qd7 33. Rf3 a5 34. Ref1 a4
35. Ra1 Ra8 36. Ra3 Rfb8 37. Rf1 b5 38. cxb5 Rxb5 39. Rfa1 Qb7 40. Kh3 Rb2 41.
Qf1 Rc2 42. Rxa4 Rxa4 43. Rxa4 Qb2 44. Qg1 Qxc3 45. Rc4 Qxd3 46. Rxc5 Rxc5 47.
Qxc5 f4 48. Qf2 Qxg3+ 49. Qxg3 fxg3 50. Kxg3 Kf7 51. Kf4 g6 52. Kg4 gxh5+ 53.
Kxh5 Kg7 54. Kh4 Kg6 55. Kg4 h5+ 56. Kh4 Kf5 57. Kxh5 Kxe5 58. Kg4 Ke4 59. Kg3
Ke3 60. Kg2 Ke2 61. Kg3 e5 62. Kg2 e4 63. Kg1 e3 64. Kg2 Kd1 65. Kf1 e2+ 0-1